000
00294nam a22001217a 4500
020
_a
NA
082
_2
22
_a
338.5
100
_a
Mansfield Eduri.
245
_a
Microeconomics /
260
_a
W.W Norbn and Company,
_b
W.W Norbn and Company,
_c
c1994
300
_a
572 p,;
_b
NA
_c
24cm.
942
_2
ddc
_c
MAG
999
_c
1719
_d
1719